| 000 | 00589 a2200205 4500 | ||
|---|---|---|---|
| 001 | 62144 | ||
| 005 | 20260407155915.0 | ||
| 008 | 260407a1969 arg spa d | ||
| 003 | AR-UNSa-BCEJYS | ||
| 040 |
_aAR-UNSa-BCEJYS _bspa _cAR-UNSa-BCEJYS |
||
| 080 |
_a369 _xSeguridad social |
||
| 245 | 1 | 0 | _aNuevo régimen previsional argentino |
| 264 | 1 |
_aBuenos Aires : _bVíctor P. de Zavalía _c1969 |
|
| 300 |
_a645 p. _c21 cm. |
||
| 041 | _aspa | ||
| 942 | _cBK | ||
| 590 | _aniveau_biblio:m niveau_hierar:0 | ||
| 100 | 1 | _aRamírez Gronda, Juan D. | |
| 700 | 1 | _aNovarese de Nieto, Teresa A. | |
| 999 |
_c7587 _d7587 |
||